[Event "Otro????"]
[Site "http://www.queenalice.com/game.php?id=1169741"]
[Date "2013.4.9"]
[Round "-"]
[White "Oscar1961"]
[Black "El_Montes"]
[Result "0-1"]
[WhiteElo "1335"]
[BlackElo "1648"]

1. e4 e5 2. Be2 Bc5 3. Nf3 b6 4. Nxe5 Qh4 5. Nd3 Nf6 6. g3 Qh3 7. Bf3 Bb7 8. Nf4
Qh6 9. O-O Na6 10. d4 Bxd4 11. Qxd4 c5 12. Qe5+ Kd8 13. g4 Qh4 14. Nh5 Nxg4 15.
Bxg4 Qxg4+ 16. Ng3 Re8 17. Bg5+ f6 18. Bxf6+ gxf6 19. Qxf6+ Kc7 20. Qf7 Bxe4 21.
Re1 Qh3 22. f3 Rf8 23. Qg7 Bxf3 24. Re2 Bxe2 25. Qe5+ Kb7 26. Qxe2 Rae8 27. Qd2
Kc7 28. c4 h5 29. Nc3 h4 30. Nd5+ Kc8 31. Nh5 Rg8+ 32. Kh1 Qf3+ 33. Qg2 Qxg2#
0-1

[Event "Challenge"]
[Site "http://www.queenalice.com/game.php?id=1172471"]
[Date "2013.4.17"]
[Round "-"]
[White "El_Montes"]
[Black "Oscar1961"]
[Result "1-0"]
[WhiteElo "1651"]
[BlackElo "1356"]

1. e4 e5 2. Bc4 Nf6 3. b3 c6 4. Nc3 b5 5. Nxb5 Ba6 6. a4 cxb5 7. axb5 Bb7 8. Nf3
Bd6 9. Ng5 Nxe4 10. Bxf7+ Ke7 11. d3 Nc3 12. Qg4 h6 13. Bh5 Qf8 14. Nf7 e4 15.
Qh4+ g5 16. Nxg5 Qf6 17. dxe4 Nxe4 18. O-O hxg5 19. Qg4 Qxa1 20. Bxg5+ Nf6 21.
Rxa1 Be5 22. Re1 Kd6 23. Qb4+ Ke6 24. Qc3 Be4 25. Qh3+ Kd5 26. Rd1+ Kc5 27. Qe3+
Kxb5 28. Be2+ Kc6 29. b4 Kc7 30. Qc5+ Nc6 31. b5 Bxh2+ 32. Kf1 Rhf8 33. bxc6
dxc6 34. Qa5+ Kb8 35. Rb1+ Kc8 36. Ba6+ Kd7 37. Rb7+ Ke6 38. Qc5 Bd5 39. c4 Ne4
40. Qe7+ Kf5 41. cxd5 cxd5 42. Be3 Bd6 43. Qh7+ Ke5 44. Qh5+ Rf5 45. Qh7 Rc8 46.
Rxa7 Rc2 47. Qg7+ Rf6 48. Re7+ Bxe7 49. Qxe7+ Kf5 50. Bc8+ Rxc8 51. Qd7+ Kg6 52.
Qxc8 Kg7 53. Bd4 Kg6 54. Qg8+ Kf5 55. Qxd5+ Kf4 56. Bxf6 Nc3 57. g3+ Kg4 58.
Qg5+ Kf3 59. Qf4# 1-0

[Event "Otro mas!!!"]
[Site "http://www.queenalice.com/game.php?id=1175683"]
[Date "2013.4.27"]
[Round "-"]
[White "Oscar1961"]
[Black "El_Montes"]
[Result "0-1"]
[WhiteElo "1319"]
[BlackElo "1655"]

1. Nf3 Nc6 2. c3 e5 3. e4 Bc5 4. Bb5 Na5 5. b4 a6 6. bxa5 axb5 7. g3 Rxa5 8.
Nxe5 Qe7 9. d4 Bb6 10. a3 Nf6 11. f3 d6 12. Nd3 c5 13. Bg5 cxd4 14. Qd2 d5 15.
Bxf6 Qxf6 16. f4 dxe4 17. Qe2 Qe7 18. Ne5 d3 19. Qxe4 O-O 20. Nd2 Rxa3 21. Rc1
Qc5 22. Nxd3 Qe3+ 23. Qxe3 Bxe3 24. Nb4 Rd8 25. Nb1 Rb3 26. Ke2 Bxc1 27. Rxc1
Bg4+ 28. Ke3 Rb2 29. Re1 Re8+ 30. Kd3 Rxe1 31. Na3 Be6 32. Nxb5 Bf5+ 33. Kc4
Re4+ 34. Nd4 Rxh2 35. Nd3 Rg2 36. Nb4 Rxg3 37. Kc5 Rxc3+ 38. Kd5 Rxf4 39. Ke5 g5
40. Nd5 Rcf3 41. Nf6+ Kg7 42. Nd5 Re4+ 43. Kd6 Rxd4 44. Kc5 Rd1 0-1

[Event "Challenge"]
[Site "http://www.queenalice.com/game.php?id=1180057"]
[Date "2013.5.9"]
[Round "-"]
[White "El_Montes"]
[Black "Oscar1961"]
[Result "1-0"]
[WhiteElo "1658"]
[BlackElo "1309"]

1. e4 e5 2. Bc4 Be7 3. Qh5 g6 4. Qxe5 Nf6 5. d3 d6 6. Qc3 O-O 7. Bh6 Re8 8. Nd2
Bf8 9. Qb3 Kh8 10. Bxf7 Bxh6 11. Bxe8 Bxd2+ 12. Kxd2 Qxe8 13. Rd1 Nc6 14. Nf3 b6
15. Qc3 Bg4 16. Qxf6+ Kg8 17. Rhe1 Ne5 18. Kc1 Bxf3 19. gxf3 Rd8 20. f4 Nf3 21.
Re3 Nxh2 22. f5 Ng4 23. Qg5 Ne5 24. fxg6 hxg6 25. Rh3 Qf7 26. Qxd8+ Kg7 27. Qh8#
1-0

[Event "Challenge"]
[Site "http://www.queenalice.com/game.php?id=1182017"]
[Date "2013.5.16"]
[Round "-"]
[White "El_Montes"]
[Black "Oscar1961"]
[Result "1-0"]
[WhiteElo "1660"]
[BlackElo "1326"]

1. e4 e5 2. Bc4 Qe7 3. Nf3 h6 4. O-O b6 5. b3 Bb7 6. Ba3 Qf6 7. Bb2 d6 8. d4
Bxe4 9. dxe5 dxe5 10. Bb5+ c6 11. Bxe5 Bxf3 12. Bxf6 Bxd1 13. Rxd1 gxf6 14. Re1+
Be7 15. Bd3 c5 16. Be4 f5 17. Bxa8 Nf6 18. Nc3 Kd7 19. Rad1+ Bd6 20. Nb5 Ne8 21.
Nxa7 Nc7 22. Bf3 Ne6 23. Re5 Nc6 24. Bxc6+ Ke7 25. Rxf5 Rd8 26. Nb5 f6 27. Nxd6
Rxd6 28. Rxd6 Kxd6 29. Bf3 Ke7 30. Rh5 Nd4 31. Be4 Ne2+ 32. Kf1 Nc3 33. Bd3 Nxa2
34. Rxh6 Nc3 35. g4 Nd5 36. g5 fxg5 37. Ke2 g4 38. Bf5 Nb4 39. Re6+ Kf7 40. Rxb6
Nd5 41. Be6+ Kf6 42. Bxd5+ Kf5 43. Re6 Kg5 44. Ke3 c4 45. bxc4 Kf5 46. c5 Kg5
47. Ke4 Kh5 48. Kf4 g3 49. Bf3+ Kh4 50. Rh6# 1-0

[Event "Challenge"]
[Site "http://www.queenalice.com/game.php?id=1185634"]
[Date "2013.5.29"]
[Round "-"]
[White "elvis8787"]
[Black "El_Montes"]
[Result "1-0"]
[WhiteElo "1977"]
[BlackElo "1663"]

1. e4 e5 2. Nf3 Bc5 3. Bc4 d6 4. O-O Qf6 5. c3 Qg6 6. Re1 Bh3 7. Bf1 Nf6 8. d4
exd4 9. Qa4+ Nc6 10. e5 dxe5 11. Nxe5 Qf5 12. Nxc6+ Ne4 13. Nxd4+ Qd7 14. Qxd7+
Bxd7 15. Rxe4+ Be7 16. b3 O-O 17. Rxe7 Rad8 18. Ba3 Rfe8 19. Rxe8+ Rxe8 20. Nd2
Ra8 21. N2f3 b5 22. Bxb5 c5 23. Bxd7 cxd4 24. Nxd4 Rd8 25. Re1 g6 26. Re8+ Rxe8
27. Bxe8 h5 28. Ba4 h4 29. c4 1-0

[Event "Challenge"]
[Site "http://www.queenalice.com/game.php?id=1201916"]
[Date "2013.7.23"]
[Round "-"]
[White "El_Montes"]
[Black "Oscar1961"]
[Result "1-0"]
[WhiteElo "1663"]
[BlackElo "1283"]

1. e4 e5 2. Bc4 Nf6 3. b3 Be7 4. Bb2 Nxe4 5. Nh3 d6 6. Qf3 Nf6 7. Ng5 e4 8. Nxe4
d5 9. Bd3 dxe4 10. Bxe4 a5 11. O-O Ng4 12. h3 Ne5 13. Bxe5 Rg8 14. Bd5 Bf6 15.
Bxf6 gxf6 16. Qh5 Rf8 17. Re1+ Kd7 18. Qf5+ Kd6 19. Qd3 c6 20. Bxf7+ Kc7 21.
Qg3+ Kb6 22. Qe3+ Kc7 23. Bh5 Re8 24. Bxe8 b5 25. Nc3 b4 26. Na4 Ra6 27. Nc5 Rb6
28. Ne6+ Bxe6 29. Qxe6 h6 30. a3 bxa3 31. Rxa3 Ra6 32. b4 Qxd2 33. Rd3 Qxc2 34.
Qe7+ Kb6 35. b5 Kxb5 36. Qb7+ Rb6 37. Qh7 Ka6 38. Bg6 Qb2 39. Rd6 Qc3 40. Bd3+
Rb5 41. Qc7 Qxe1+ 42. Bf1 a4 43. Qxb8 Ka5 44. Qa7+ Kb4 45. Rd4+ Kc3 46. Qxa4 Kb2
47. Rd1 Ra5 48. Qd4+ Qc3 49. Rd2+ Kb3 50. Bc4+ Qxc4 51. Rd3+ Kb4 52. Qb2+ Kc5
53. Rc3 Kd4 54. Rxc4+ Kxc4 55. Kf1 c5 56. Ke2 Ra4 57. Qc2+ Kb4 58. Kd3 Kb5 59.
Qb2+ Rb4 60. Qxf6 c4+ 61. Kc3 Rb3+ 62. Kd4 c3 63. Qe5+ Ka4 64. Kd3 Kb4 65. Qd4+
Ka3 66. Kc2 h5 67. Qa7+ Kb4 68. Qb6+ Kc4 69. Qxb3+ Kd4 70. Qxc3+ 1-0

[Event "Challenge"]
[Site "http://www.queenalice.com/game.php?id=1206218"]
[Date "2013.8.8"]
[Round "-"]
[White "Rogerio11"]
[Black "El_Montes"]
[Result "0-1"]
[WhiteElo "1322"]
[BlackElo "1667"]

1. e4 e5 2. Bc4 Bc5 3. Qf3 Qf6 4. Nh3 Qxf3 5. gxf3 Nh6 6. c3 Nc6 7. b4 Bb6 8. d4
exd4 9. Ng5 Ne5 10. Bf4 Nxc4 11. Nd2 Nb2 12. e5 Nd3+ 13. Ke2 Nxf4+ 14. Kd1 Nd3
15. Nc4 Nxf2+ 16. Kc2 Nxh1 17. Rxh1 d6 18. exd6 Bf5+ 19. Kb3 dxc3 20. Kxc3 O-O
21. Nxb6 axb6 22. Ne4 Ra3+ 23. Kb2 Rfa8 24. dxc7 Rxf3 25. Ng5 Rfa3 26. Rd1 Rxa2+
27. Kc3 R8a3+ 28. Kc4 Rc2+ 29. Kd4 Ng4 30. c8=Q+ Rxc8 31. Rf1 Rd8+ 32. Kc4 Bd3#
0-1

[Event "Challenge"]
[Site "http://www.queenalice.com/game.php?id=1206504"]
[Date "2013.8.9"]
[Round "-"]
[White "El_Montes"]
[Black "Oscar1961"]
[Result "1-0"]
[WhiteElo "1665"]
[BlackElo "1275"]

1. e4 e5 2. Bc4 Nf6 3. d4 Be7 4. dxe5 Nxe4 5. Qd4 Bb4+ 6. Bd2 Bxd2+ 7. Nxd2 Ng5
8. O-O-O O-O 9. h4 Ne6 10. Bxe6 dxe6 11. Ngf3 Nc6 12. Qf4 h6 13. Ne4 Bd7 14. Nc5
Nb8 15. Nxb7 Qc8 16. Nc5 Bc6 17. g4 a6 18. g5 hxg5 19. hxg5 f5 20. gxf6 Qd7 21.
Nxd7 Nxd7 22. Ng5 Nxf6 23. exf6 Rxf6 24. Qh4 Bxh1 25. Qh7+ Kf8 26. Rd7 Rf7 27.
Rxf7+ Ke8 28. Qg8# 1-0

[Event "Challenge"]
[Site "http://www.queenalice.com/game.php?id=1295728"]
[Date "2014.7.19"]
[Round "-"]
[White "El_Montes"]
[Black "jarkus"]
[Result "1-0"]
[WhiteElo "1648"]
[BlackElo "1712"]

1. e4 e5 2. Bc4 Nf6 3. Nf3 d6 4. d4 Nc6 5. d5 Na5 6. Bb5+ Bd7 7. Nc3 a6 8. Be2
h6 9. h3 Be7 10. Nh4 O-O 11. Nf5 Bxf5 12. exf5 Qd7 13. Bd3 c6 14. dxc6 Qxc6 15.
O-O d5 16. Bd2 Nc4 17. b3 Nxd2 18. Qxd2 d4 19. Na4 Nd5 20. c4 Bg5 21. Qc2 Nf4
22. Be4 Qd7 23. Nc5 Qd6 24. Nxb7 Qb8 25. Na5 Ra7 26. Nc6 Qd6 27. Nxa7 d3 28.
Bxd3 Nxd3 29. Rad1 e4 30. c5 Qd7 31. Qc4 Re8 32. b4 Qxa7 33. b5 axb5 34. Qxb5
Qa8 35. a4 Bd8 36. Qxe8+ 1-0

[Event "Let's Play Chess!"]
[Site "http://www.queenalice.com/game.php?id=1296432"]
[Date "2014.7.22"]
[Round "-"]
[White "El_Montes"]
[Black "papilon_br"]
[Result "0-1"]
[WhiteElo "1669"]
[BlackElo "1601"]

1. e4 e5 2. Bc4 Nf6 3. d4 d6 4. dxe5 dxe5 5. Qxd8+ Kxd8 6. Bxf7 Nxe4 7. Be3 Nc6
8. h3 Bc5 9. Bxc5 Nxc5 10. Nc3 Be6 11. O-O-O+ Nd4 12. Bxe6 Nxe6 13. Nf3 e4 14.
Nxe4 c5 15. Nd6 Kc7 16. Nb5+ Nxb5 17. Ne5 Rhd8 18. g4 Rxd1+ 19. Rxd1 Rd8 20. h4
Rxd1+ 21. Kxd1 h6 22. c3 Nd6 23. b3 b5 24. b4 Kb6 25. a3 a5 26. Nd7+ Kc6 27.
Ne5+ Kd5 28. Nd7 axb4 29. axb4 c4 30. Nb6+ Kc6 31. Nxc4 bxc4 32. f3 Kd5 33. Ke2
Nf4+ 34. Ke3 Ng2+ 35. Kf2 Nxh4 36. f4 Ke4 37. f5 Nhxf5 38. gxf5 Kxf5 39. Kg3 g5
40. Kf3 g4+ 41. Kg3 Ne4+ 42. Kg2 Nxc3 43. Kg3 Kg5 44. Kg2 h5 45. Kg3 h4+ 46. Kg2
h3+ 47. Kg3 Ne4+ 48. Kh2 Kh4 49. b5 Nc5 50. b6 c3 51. b7 Nxb7 52. Kh1 c2 53. Kh2
g3+ 54. Kg1 c1=Q# 0-1

[Event "Challenge"]
[Site "http://www.queenalice.com/game.php?id=1296752"]
[Date "2014.7.23"]
[Round "-"]
[White "zmanomega"]
[Black "El_Montes"]
[Result "0-1"]
[WhiteElo "1628"]
[BlackElo "1650"]

1. e4 e5 2. Bc4 Bc5 3. Qf3 Qf6 4. Qxf6 Nxf6 5. f3 Nc6 6. c3 Na5 7. Bb5 c6 8. Bd3
d5 9. Nh3 O-O 10. Ng5 b5 11. exd5 cxd5 12. Bxb5 a6 13. Bd3 Bb7 14. b4 e4 15.
bxc5 exd3 16. Ba3 Rfe8+ 17. Kd1 Nc4 18. Bb4 Rac8 19. a4 a5 20. Ba3 Bc6 21. h4
Bxa4+ 22. Kc1 Re2 23. g4 Rce8 0-1

[Event "OS INCLIVEIS"]
[Site "http://www.queenalice.com/game.php?id=1296836"]
[Date "2014.7.23"]
[Round "-"]
[White "adelio"]
[Black "El_Montes"]
[Result "1/2-1/2"]
[WhiteElo "1854"]
[BlackElo "1639"]

1. a3 e5 2. c4 Bc5 3. e3 Nf6 4. b4 Bd4 5. exd4 exd4 6. Qe2+ Qe7 7. Qxe7+ Kxe7 8.
Nf3 Re8 9. Nxd4 Kf8+ 10. Be2 d6 11. Nc3 c5 12. bxc5 dxc5 13. Nf3 Bf5 14. O-O Nc6
15. Re1 Nd4 16. Ra2 Nxf3+ 17. gxf3 Bh3 18. d3 h6 19. Ne4 Nh5 20. Bxh6 gxh6 21.
Ng3 Nf6 22. Rd1 Ke7 23. d4 cxd4 24. Rxd4 Rg8 25. Bf1 Be6 26. Re2 Rad8 27. Rxd8
Kxd8 28. Rd2+ Kc7 29. Kh1 a6 30. Ne4 Nxe4 31. fxe4 b5 32. cxb5 axb5 33. Bxb5 f5
34. e5 Bc8 35. f3 f4 36. Bf1 Bb7 37. Bg2 Ra8 38. Rd3 Ra5 39. e6 Re5 40. Bh3 Ba6
41. Rd7+ Kc8 42. Rd1 Be2 43. e7+ Kc7 44. Rd7+ Kc6 45. Ra7 Bxf3+ 46. Kg1 Kb6 47.
Rd7 Bc6 48. Rd6 Rxe7 49. Rxh6 Rg7+ 50. Kf2 Kc5 51. Rh5+ Kd4 52. Rh4 Ke5 53. Rh5+
Kd6 54. Rf5 f3 55. Bf1 Ra7 56. h4 Be4 57. Rg5 Rxa3 58. h5 Ra7 59. Ke3 Bd5 60.
Rg6+ Ke5 61. h6 Rh7 62. Bd3 Bf7 63. Rg5+ Kf6 64. Bxh7 Kxg5 65. Kxf3 Kxh6 66. Be4
1/2-1/2

[Event "OS INCLIVEIS"]
[Site "http://www.queenalice.com/game.php?id=1296837"]
[Date "2014.7.23"]
[Round "-"]
[White "El_Montes"]
[Black "adelio"]
[Result "0-1"]
[WhiteElo "1665"]
[BlackElo "1765"]

1. e4 g6 2. Bc4 c5 3. Qf3 e6 4. Nh3 Nc6 5. d4 Nxd4 6. Qd3 a6 7. a4 Be7 8. c3 Nc6
9. b4 Ne5 10. Qe2 Nxc4 11. Qxc4 d5 12. exd5 exd5 13. Qe2 Bxh3 14. gxh3 c4 15. h4
Qc7 16. Be3 O-O-O 17. a5 Bxh4 18. Bb6 Bxf2+ 19. Qxf2 Qe5+ 20. Kd2 Nf6 21. Bxd8
Ne4+ 22. Ke2 Nxf2+ 23. Kxf2 Qf4+ 24. Kg2 Qg4+ 25. Kf2 Re8 26. Bb6 Qe2+ 27. Kg3
Qd3+ 28. Kg2 Qe4+ 29. Kf1 Qxh1+ 30. Kf2 Qe1+ 31. Kg2 Re2+ 32. Kh3 Qf1+ 33. Kg3
Qg2+ 34. Kf4 Re4# 0-1

[Event "Checker"]
[Site "http://www.queenalice.com/game.php?id=1298170"]
[Date "2014.7.30"]
[Round "1"]
[White "El_Montes"]
[Black "limonajar"]
[Result "0-1"]
[WhiteElo "1653"]
[BlackElo "1707"]

1. e4 e5 2. Bc4 Nf6 3. b3 Bc5 4. Bb2 Nc6 5. Nf3 Nxe4 6. Nxe5 d5 7. Bxd5 Qxd5 8.
Qf3 Nxe5 9. Bxe5 Qxe5 10. O-O O-O 11. Nc3 Nxd2 12. Qd3 Nxf1 13. Rxf1 Re8 14. Re1
Qxe1+ 15. Qf1 Bxf2+ 16. Kh1 Qxf1# 0-1

[Event "FromentPierre"]
[Site "http://www.queenalice.com/game.php?id=1298714"]
[Date "2014.8.2"]
[Round "1"]
[White "El_Montes"]
[Black "Brucybabe"]
[Result "0-1"]
[WhiteElo "1639"]
[BlackElo "1917"]

1. e4 c5 2. Bc4 Nc6 3. Qh5 e6 4. b3 g6 5. Qd1 Bg7 6. Nc3 Nge7 7. Nf3 O-O 8. Bb2
d5 9. exd5 exd5 10. Bxd5 Nxd5 11. Nxd5 Bxb2 12. Rb1 Qxd5 13. Rxb2 Re8+ 14. Kf1
Bg4 15. b4 cxb4 16. c3 Qd3+ 17. Kg1 Bxf3 18. gxf3 Re5 19. f4 Re2 20. h4 bxc3 21.
Rc2 Rxd2 22. Rxd2 Qxd2 23. Qxd2 cxd2 24. Kg2 Rd8 25. Kf3 d1=Q+ 26. Rxd1 Rxd1 27.
f5 Rd4 28. fxg6 hxg6 29. Kg3 b5 30. f4 Kg7 31. a3 Kh6 32. Kg4 f5+ 33. Kf3 Re4
34. Kg3 Kh5 35. Kh3 Re3+ 36. Kg2 Kg4 37. Kh2 Re2+ 38. Kg1 Kg3 39. h5 Re1# 0-1

[Event "Checker"]
[Site "http://www.queenalice.com/game.php?id=1330128"]
[Date "2014.12.23"]
[Round "2"]
[White "Derik_vd_Heever"]
[Black "El_Montes"]
[Result "1-0"]
[WhiteElo "1690"]
[BlackElo "1640"]

1. e4 e5 2. d3 Nc6 3. Nd2 Bc5 4. Ngf3 Nf6 5. g3 d5 6. Bg2 d4 7. O-O Be6 8. Nc4
Bxc4 9. dxc4 Nxe4 10. Qe2 Nd6 11. Bg5 Ne7 12. Qxe5 b6 13. Qxg7 Rg8 14. Qxh7 f6
15. Bxf6 Qd7 16. Ne5 Qe6 17. Qh6 O-O-O 18. Qf4 Ndf5 19. Qf3 Nd6 20. a3 a5 21.
Qa8# 1-0

[Event "FromentPierre"]
[Site "http://www.queenalice.com/game.php?id=1330940"]
[Date "2014.12.27"]
[Round "2"]
[White "papyrusmoon"]
[Black "El_Montes"]
[Result "0-1"]
[WhiteElo "1485"]
[BlackElo "1667"]

1. e4 e5 2. Qh5 Qf6 3. d3 Bc5 4. Bg5 Qxf2+ 5. Kd1 Qxf1+ 6. Kd2 Qxg2+ 7. Kc3 Qxh1
8. Nf3 d6 9. d4 exd4+ 10. Nxd4 Qg1 11. Nf3 Qg2 12. Nbd2 Bg4 13. Qh4 Bxf3 14. Rf1
Bxe4 15. Re1 d5 16. b4 Bb6 17. Qf4 Nc6 18. b5 Bd4+ 19. Kb3 Qh3+ 20. c3 Qxc3+ 0-1

[Event "Challenge"]
[Site "http://www.queenalice.com/game.php?id=1334409"]
[Date "2015.1.12"]
[Round "-"]
[White "ORNELAS"]
[Black "El_Montes"]
[Result "1-0"]
[WhiteElo "1606"]
[BlackElo "1676"]

1. Nf3 Nc6 2. c3 e5 3. e4 Bc5 4. b4 Bxf2+ 5. Kxf2 Nf6 6. d3 Ng4+ 7. Kg1 d6 8.
Bg5 f6 9. Bh4 Be6 10. Bg3 Qd7 11. h3 Ne3 12. Qe2 Nxf1 13. Kxf1 O-O-O 14. Bf2 g5
15. b5 Na5 16. Bxa7 f5 17. b6 cxb6 18. Bxb6 Rdf8 19. Bxa5 Rhg8 20. Nbd2 g4 21.
hxg4 fxg4 22. Ke1 gxf3 23. gxf3 Qc6 24. Rf1 Bh3 25. Rh1 Rg2 26. Qe3 Be6 27. Rxh7
Kb8 28. Rc7 Qxc7 29. Bxc7+ Kxc7 30. Rb1 Rh8 31. Kd1 Bxa2 32. Rb2 Be6 33. Kc2
Rhh2 34. c4 Re2 35. Qg5 Rxd2+ 36. Kc3 Rxb2 37. Qe7+ Bd7 38. d4 Rbc2+ 39. Kb4
Rb2+ 40. Ka3 Rb1 41. c5 exd4 42. Qxd6+ Kc8 43. Qf8+ Kc7 44. Qd6+ Kc8 45. Qf8+
Kc7 46. Qf4+ Kc6 47. Qxh2 Rb5 48. Qd6# 1-0

[Event "Challenge"]
[Site "http://www.queenalice.com/game.php?id=1334413"]
[Date "2015.1.12"]
[Round "-"]
[White "ORNELAS"]
[Black "El_Montes"]
[Result "1-0"]
[WhiteElo "1644"]
[BlackElo "1657"]

1. Nf3 e5 2. Nxe5 Nh6 3. d4 c5 4. Bxh6 Qf6 5. Be3 d6 6. Nf3 d5 7. c3 c4 8. Bg5
Qe6 9. e3 h6 10. Bh4 Nc6 11. Be2 Qg4 12. O-O Be7 13. Bxe7 Nxe7 14. Ne5 Qf5 15.
Bg4 Qg5 16. Bxc8 Rxc8 17. Qf3 O-O 18. Nd7 Rfd8 19. Ne5 f6 20. Ng4 h5 21. Nxf6+
gxf6 22. Nd2 Rf8 23. Qh3 Nf5 24. Nf3 Qg6 25. g3 Kf7 26. b3 cxb3 27. axb3 Rxc3
28. Rxa7 Rxb3 29. Nh4 Qg4 30. Qxg4 hxg4 31. Nxf5 Ke6 32. Ng7+ Kd7 33. Nf5 Kc6
34. Rfa1 Kb6 35. Nd6 Kc6 36. Nxb7 f5 37. Na5+ Kb5 38. Nxb3 Kb4 39. Nc5 Kc3 40.
R7a4 Kd2 41. R1a2+ Kc3 42. R2a3+ Kd2 43. Ra2+ Kc3 44. R2a3+ Kd2 45. Nd3 Ke2 46.
Kg2 Kd2 47. Rb4 Rc8 48. Nc5 Kc2 49. Rbb3 Rf8 50. Ra2+ Kc1 51. Nd3+ Kd1 52. Rb1#
1-0

[Event "FromentPierre"]
[Site "http://www.queenalice.com/game.php?id=1371060"]
[Date "2015.7.11"]
[Round "4"]
[White "El_Montes"]
[Black "Foliko"]
[Result "0-1"]
[WhiteElo "1645"]
[BlackElo "1990"]

1. e4 c6 2. a4 d5 3. e5 Bf5 4. Bd3 Bg6 5. b3 e6 6. Nf3 a6 7. a5 c5 8. O-O Nc6 9.
Be2 Qc7 10. d4 cxd4 11. Nxd4 Nxe5 12. Bb2 Bd6 13. g3 Ne7 14. h4 h6 15. Ra4 O-O
16. h5 Bh7 17. c4 N5c6 18. cxd5 Nxd5 19. Nd2 Nxd4 20. Bxd4 Rad8 21. Bf3 Be7 22.
Nc4 Bc5 23. Re1 b5 24. axb6 Nxb6 25. Rxa6 Nxc4 26. bxc4 Bxd4 27. Rc6 Qxg3+ 28.
Kh1 Qh4+ 29. Kg2 Bxf2 30. Re4 Qg3+ 31. Kf1 Rxd1+ 32. Bxd1 Bxe4 33. Ra6 Bd3+ 34.
Be2 Qg1# 0-1

[Event "Checker"]
[Site "http://www.queenalice.com/game.php?id=1379829"]
[Date "2015.8.26"]
[Round "4"]
[White "El_Montes"]
[Black "papyrusmoon"]
[Result "1-0"]
[WhiteElo "1643"]
[BlackElo "1366"]

1. e4 e5 2. Bc4 Qh4 3. Qf3 Bc5 4. Qxf7+ Kd8 5. d4 Qxe4+ 6. Ne2 Qxg2 7. Rg1 Qxh2
8. dxc5 d6 9. Bg5+ Nf6 10. Qxg7 Bg4 11. Bxf6+ Kc8 12. Qxg4+ Nd7 13. Bxh8 h5 14.
Qe6 b6 15. Ba6+ Kd8 16. Rg8+ Nf8 17. Bf6# 1-0